MARC

LEADER 00000nam2a2200000 4500
001 676656
005 20241115153844.0
090 |a 676656 
100 |a 20241115d2023 k||y0rusy50 ca 
101 0 |a rus 
102 |a RU 
105 |a a z 001yy 
135 |a drcn ---uucaa 
181 0 |a i   |b  e  
182 0 |a b 
183 |a cr  |2 RDAcarrier 
200 0 |a Т. 7, № 4 
203 |a Текст  |c электронный  |b визуальный 
210 |d 2023 
283 |a online_resource  |2 RDAcarrier 
320 |a Библиография в конце статей 
336 |a Текстовый файл 
461 0 |0 590134  |9 590134  |t Космические аппараты и технологии  |o научный журнал  |f Ассоциация «Технологическая платформа «Национальная информационная спутниковая система»  |c Железногорск  |n Изд-во ТП НИСС  |d 2012-  |x 2618-7957  |v Т. 7, № 4 
801 0 |a RU  |b 63413507  |c 20241115  |g PSBO 
850 |a 63413507 
856 4 0 |u https://elibrary.ru/contents.asp?id=59740871  |z https://elibrary.ru/contents.asp?id=59740871 
856 4 0 |u http://www.journal-niss.ru/journal/archive/46/journal_46.pdf  |z http://www.journal-niss.ru/journal/archive/46/journal_46.pdf 
942 |c CF